Central Library OPAC University of Rajshahi

Introduction to political science / (Record no. 35746)

MARC details
000 -LEADER
fixed length control field 00889nam a22002771 4500
001 - CONTROL NUMBER
control field 35746
003 - CONTROL NUMBER IDENTIFIER
rucl marc code BD-RjUL
005 - DATE AND TIME OF LATEST TRANSACTION
control field 20211209052354.0
008 - FIXED-LENGTH DATA ELEMENTS--GENERAL INFORMATION
fixed length control field 140531r19701965ii b 001 0 eng d
035 ## - SYSTEM CONTROL NUMBER
System control number (BD-RjUL)35841
System control number (OCoLC)875857
040 ## - CATALOGING SOURCE
Original cataloging agency DLC
Transcribing agency MWH
Modifying agency Uk
-- OCoLC
-- DLC
-- BD-RjUL
Language of cataloging eng
041 ## - LANGUAGE CODE
Language code of text/sound track or separate title eng
082 00 - DEWEY DECIMAL CLASSIFICATION NUMBER
Classification number 320
Author mark and year DII 1970
100 1# - MAIN ENTRY--PERSONAL NAME
Personal name Dillon, Conley Hall,
Dates associated with a name 1906-
9 (RLIN) 8632
245 10 - TITLE STATEMENT
Title Introduction to political science /
Statement of responsibility, etc. Conley H. Dillon, Carl Leiden and Paul D. Stewart.
250 ## - EDITION STATEMENT
Edition statement an east-west ed.
260 ## - PUBLICATION, DISTRIBUTION, ETC. (IMPRINT)
Place of publication, distribution, etc. New Delhi :
Name of publisher, distributor, etc. Affiliated East-West Press Ltd.,
Date of publication, distribution, etc. 1965 [reprinted 1970].
300 ## - PHYSICAL DESCRIPTION
Pagination vi, 298 p. ;
Size 23 cm.
490 0# - SERIES STATEMENT
Series statement Van Nostrand political science series
504 ## - BIBLIOGRAPHY, ETC. NOTE
Bibliography, etc Includes bibliographical references and index.
650 #0 - SUBJECT ADDED ENTRY--TOPICAL TERM
Topical term or geographic name as entry element Political science
9 (RLIN) 108572
942 ## - ADDED ENTRY ELEMENTS (KOHA)
Source of classification or shelving scheme Dewey Decimal Classification
Koha item type Books
Holdings
Lost status Source of classification or shelving scheme Damaged status Not for loan Collection code Permanent Location Current Location Shelving location Date acquired Source of acquisition Total Checkouts Full call number Date last seen Copy number Koha item type
  Dewey Decimal Classification   Not For Loan Non-fiction Central Library, University of Rajshahi Central Library, University of Rajshahi Reading Room 10/02/1975 USIS, Gift.   320 DII 1970 31/05/2014 C-1 Books
  Dewey Decimal Classification     Non-fiction Central Library, University of Rajshahi Central Library, University of Rajshahi   05/07/1976 USIS, Gift.   320 DII 1970 31/05/2014 C-2 Books